[Event "SVK Extraliga 2019-20"]
[Site "Slovakia"]
[Date "2019.10.20"]
[Round "2.7"]
[White "Danada, Tomas"]
[Black "Kantorik, Marian"]
[Result "1/2-1/2"]
[WhiteElo "2266"]
[BlackElo "2165"]
[Annotator "ChessBase"]
[PlyCount "30"]
[EventDate "2019.10.19"]
[EventType "team-tourn"]
[EventCountry "SVK"]
[SourceTitle "playchess.com"]
[Source "ChessBase"]
[SourceQuality "1"]
[WhiteTeam "Prakovce"]
[BlackTeam "Dunajov"]
[TimeControl "40/5400+30:1800+30"]

1. e4 {[%emt 0:00:00]} d6 {[%emt 0:00:00]} 2. d4 {[%emt 0:00:00]} Nf6 {[%emt 0:00:00]} 3. Nc3 {[%emt 0:00:00]} e5 {[%emt 0:00:00]} 4. Nf3 {[%emt 0:00:00]} Nbd7 {[%emt 0:00:06]} 5. Bc4 {[%emt 0:00:00]} Be7 {[%emt 0:00:17]} 6. O-O {[%emt 0:00:06]} O-O {[%emt 0:00:14]} 7. a4 {[%emt 0:00:22]} c6 {[%emt 0:00:15]} 8. Re1 {[%emt 0:01:10]} b6 {[%emt 0:03:24]} 9. d5 {[%emt 0:03:19]} cxd5 {[%emt 0:01:17]} 10. Nxd5 {[%emt 0:00:42]} Nxd5 {[%emt 0:00:15]} 11. Bxd5 {[%emt 0:00:04]} Rb8 {[%emt 0:00:10]} 12. Qd3 {[%emt 0:15:24]} Nf6 {[%emt 0:02:01]} 13. Bb3 {[%emt 0:02:00]} Nd7 {[%emt 0:03:44]} 14. Bd5 {[%emt 0:02:36]} Nf6 {[%emt 0:06:17]} 15. Bb3 {[%emt 0:07:12]} Nd7 {[%emt 0:01:54]} 1/2-1/2

[Event "SVK Extraliga 2019-20"]
[Site "Slovakia"]
[Date "2019.10.20"]
[Round "2.7"]
[White "Motycakova, Monika"]
[Black "Zvarik, Martin"]
[Result "1-0"]
[WhiteElo "2126"]
[BlackElo "2314"]
[Annotator "NA"]
[PlyCount "83"]
[EventDate "2019.10.19"]
[EventType "team-tourn"]
[EventCountry "SVK"]
[SourceTitle "playchess.com"]
[Source "ChessBase"]
[SourceQuality "1"]
[WhiteTeam "Liptovska"]
[BlackTeam "Zilina"]
[TimeControl "40/5400+30:1800+30"]

1. e4 {[%emt 0:00:00]} e5 {[%emt 0:00:00]} 2. Nf3 {[%emt 0:00:00]} Nc6 {[%emt 0:00:36]} 3. Bb5 {[%emt 0:00:26]} a6 {[%emt 0:00:22]} 4. Ba4 {[%emt 0:00:06]} d6 {[%emt 0:00:20]} 5. Bxc6+ bxc6 {[%emt 0:00:21]} 6. d4 {[%emt 0:07:25]} Nf6 {[%emt 0:15:45]} 7. Nc3 {[%emt 0:10:55]} exd4 {[%emt 0:06:29]} 8. Qxd4 {[%emt 0:01:01]} Be7 {[%emt 0:05:09]} 9. e5 {[%emt 0:12:22]} Ng4 {[%emt 0:04:16]} 10. Bf4 {[%emt 0:08:53]} dxe5 {[%emt 0:06:23]} 11. Qxd8+ {[%emt 0:00:50]} Bxd8 {[%emt 0:00:18]} 12. Nxe5 {[%emt 0:01:18]} O-O {[%emt 0:09:36]} 13. O-O {[%emt 0:18:41]} Nxe5 {[%emt 0:12:44]} 14. Bxe5 {[%emt 0:00:03]} Bf5 {[%emt 0:00:17]} 15. Rfe1 {[%emt 0:08:56]} Re8 {[%emt 0:12:02]} 16. Bf4 {[%emt 0:12:51]} Re6 {[%emt 0:08:42]} 17. Rxe6 {[%emt 0:02:58]} Bxe6 {[%emt 0:02:43]} 18. Rd1 {[%emt 0:05:32]} Bf5 {[%emt 0:06:34]} 19. Rd2 {[%emt 0:01:00]} g5 {[%emt 0:01:51]} 20. Be5 {[%emt 0:00:43]} h5 {[%emt 0:01:56]} 21. Ne2 {[%emt 0:03:31]} f6 {[%emt 0:01:35]} 22. Bc3 {[%emt 0:00:02]} Kf7 {[%emt 0:01:14]} 23. Nd4 {[%emt 0:01:14]} Bd7 {[%emt 0:00:21]} 24. Nb3 {[%emt 0:00:26]} Be6 {[%emt 0:00:42]} 25. Nc5 {[%emt 0:00:27]} Bd5 {[%emt 0:00:25]} 26. b3 {[%emt 0:01:05]} Be7 {[%emt 0:00:38]} 27. Bd4 {[%emt 0:00:28]} Re8 {[%emt 0:00:21]} 28. Kf1 {[%emt 0:01:28]} Bd6 {[%emt 0:01:15]} 29. c4 {[%emt 0:00:14]} Be4 {[%emt 0:00:26]} 30. Nxa6 {[%emt 0:01:23]} Bf4 {[%emt 0:01:02]} 31. Be3 {[%emt 0:00:24]} Bxh2 {[%emt 0:00:19]} 32. Rd7+ {[%emt 0:00:13]} Re7 {[%emt 0:00:44]} 33. Rxe7+ {[%emt 0:00:50]} Kxe7 {[%emt 0:00:10]} 34. Nc5 {[%emt 0:00:27]} Bc2 {[%emt 0:00:12]} 35. g3 {[%emt 0:00:12]} f5 {[%emt 0:01:09]} 36. Bxg5+ {[%emt 0:00:35]} Kd6 {[%emt 0:00:13]} 37. Nb7+ {[%emt 0:00:37]} Ke5 {[%emt 0:00:27]} 38. Kg2 {[%emt 0:00:26]} Bxg3 {[%emt 0:00:15]} 39. fxg3 {[%emt 0:00:15]} Bb1 {[%emt 0:01:03]} 40. a4 {[%emt 0:00:16]} Kd4 {[%emt 0:00:24]} 41. a5 {[%emt 0:31:22]} Be4+ {[%emt 0:30:38]} 42. Kf2 {[%emt 0:00:00]} 1-0

[Event "SVK Extraliga 2019-20"]
[Site "Slovakia"]
[Date "2019.10.20"]
[Round "2.7"]
[White "Tropp, Lukas"]
[Black "Meszaros, Michal"]
[Result "1/2-1/2"]
[WhiteElo "2106"]
[BlackElo "2358"]
[Annotator "NA"]
[PlyCount "108"]
[EventDate "2019.10.19"]
[EventType "team-tourn"]
[EventCountry "SVK"]
[SourceTitle "playchess.com"]
[Source "ChessBase"]
[SourceQuality "1"]
[BlackTeam "Streda"]
[TimeControl "40/5400+30:1800+30"]

1. e4 {[%emt 0:00:00]} g6 {[%emt 0:00:48]} 2. d4 {[%emt 0:01:15]} Bg7 {[%emt 0:00:02]} 3. Nc3 {[%emt 0:00:20]} d6 {[%emt 0:00:07]} 4. f4 {[%emt 0:03:16]} a6 {[%emt 0:01:10]} 5. a4 {[%emt 0:08:27]} Nd7 {[%emt 0:04:23]} 6. Nf3 {[%emt 0:04:57]} e6 {[%emt 0:03:53]} 7. Bc4 {[%emt 0:04:46]} Ne7 {[%emt 0:02:04]} 8. O-O {[%emt 0:00:43]} O-O {[%emt 0:08:07]} 9. Qe1 {[%emt 0:11:31]} d5 {[%emt 0:05:07]} 10. Ba2 {[%emt 0:10:12]} c6 {[%emt 0:11:06]} 11. e5 {[%emt 0:09:13]} (11. a5 $5) 11... b5 {[%emt 0:11:57]} 12. Ne2 {[%emt 0:04:45]} c5 {[%emt 0:10:21]} 13. Bb1 {[%emt 0:05:16]} b4 {[%emt 0:07:05]} 14. a5 {[%emt 0:05:59]} Rb8 {[%emt 0:06:00]} 15. dxc5 {[%emt 0:01:05]} Nxc5 {[%emt 0:05:16]} 16. Ned4 {[%emt 0:00:04]} Qc7 {[%emt 0:05:50]} 17. Bd2 {[%emt 0:04:33]} Qb7 {[%emt 0:00:34]} 18. Qh4 $15 {[%emt 0:03:57]} Ne4 {[%emt 0:06:15]} 19. Be3 {[%emt 0:01:30]} Nf5 {[%emt 0:02:14]} 20. Nxf5 {[%emt 0:00:46]} exf5 {[%emt 0:00:01]} 21. Ba2 {[%emt 0:05:11]} Be6 {[%emt 0:01:45]} 22. Rfd1 {[%emt 0:03:13]} Rfc8 {[%emt 0:01:13]} 23. Bb3 {[%emt 0:03:28]} Bf8 {[%emt 0:02:23]} 24. Ng5 {[%emt 0:01:04]} h6 {[%emt 0:03:21]} 25. Nxe4 {[%emt 0:03:44]} dxe4 {[%emt 0:00:02]} 26. Bxe6 {[%emt 0:00:30]} fxe6 {[%emt 0:00:01]} 27. Rd2 {[%emt 0:00:35]} Qe7 {[%emt 0:01:25]} 28. Qg3 {[%emt 0:00:23]} Kh7 {[%emt 0:00:40]} 29. Rad1 {[%emt 0:00:03]} Rb7 {[%emt 0:00:37]} 30. Qf2 {[%emt 0:00:56]} Qe8 {[%emt 0:00:32]} 31. Qe2 {[%emt 0:01:02]} Qa4 {[%emt 0:00:39]} 32. Qxa6 {[%emt 0:00:29]} Rcc7 {[%emt 0:00:30]} 33. Qxe6 {[%emt 0:00:46]} Qxa5 {[%emt 0:00:28]} 34. Rd8 {[%emt 0:00:47]} Rf7 {[%emt 0:00:29]} 35. R8d7 {[%emt 0:01:05]} Rbxd7 {[%emt 0:00:18]} 36. Rxd7 {[%emt 0:00:06]} Rxd7 {[%emt 0:00:06]} 37. Qxd7+ {[%emt 0:00:04]} Bg7 {[%emt 0:01:02]} 38. e6 {[%emt 0:02:19]} b3 {[%emt 0:00:31]} 39. Qd2 {[%emt 0:00:39]} Qa1+ {[%emt 0:00:33]} 40. Qc1 {[%emt 0:00:26]} Qa6 {[%emt 0:00:31]} 41. e7 {[%emt 0:04:46]} Qe6 {[%emt 0:03:39]} 42. cxb3 {[%emt 0:07:43]} Qxe7 {[%emt 0:00:44]} 43. Qc4 {[%emt 0:01:06]} Qh4 {[%emt 0:09:05]} 44. Qe2 {[%emt 0:02:41]} Qe7 {[%emt 0:04:12]} 45. Qd2 {[%emt 0:00:28]} Qe6 {[%emt 0:00:45]} 46. b4 {[%emt 0:08:45]} Qc4 {[%emt 0:06:20]} 47. h3 {[%emt 0:00:58]} h5 {[%emt 0:05:23]} 48. Kh2 {[%emt 0:01:07]} Kh6 {[%emt 0:02:23]} 49. Bc5 {[%emt 0:01:47]} Qf1 {[%emt 0:00:47]} 50. b3 {[%emt 0:00:49]} Qd3 {[%emt 0:01:34]} 51. Qe3 {[%emt 0:01:13]} Qb5 {[%emt 0:00:26]} 52. Qc1 {[%emt 0:01:48]} Qd3 {[%emt 0:00:03]} 53. Qe3 {[%emt 0:00:43]} Qf1 {[%emt 0:00:34]} 54. Qd2 {[%emt 0:00:23]} Qd3 {[%emt 0:00:09]} 1/2-1/2

[Event "SVK Extraliga 2019-20"]
[Site "Slovakia"]
[Date "2019.10.20"]
[Round "2.7"]
[White "Macko, Peter"]
[Black "Wiewiora, Eneasz"]
[Result "1/2-1/2"]
[WhiteElo "2054"]
[BlackElo "2298"]
[Annotator "NA"]
[PlyCount "70"]
[EventDate "2019.10.19"]
[EventType "team-tourn"]
[EventCountry "SVK"]
[SourceTitle "playchess.com"]
[Source "ChessBase"]
[SourceQuality "1"]
[BlackTeam "Dubnica"]
[TimeControl "40/5400+30:1800+30"]

1. e4 {[%emt 0:03:52]} d6 {[%emt 0:00:00]} 2. Nc3 {[%emt 0:00:49]} Nf6 {[%emt 0:00:19]} 3. f4 {[%emt 0:03:35]} g6 {[%emt 0:00:11]} 4. Nf3 {[%emt 0:00:32]} Bg7 {[%emt 0:00:05]} 5. Bc4 {[%emt 0:00:12]} Nxe4 {[%emt 0:07:07]} 6. Bxf7+ {[%emt 0:01:10]} Kxf7 {[%emt 0:00:15]} 7. Nxe4 {[%emt 0:00:05]} Rf8 {[%emt 0:00:28]} 8. d4 {[%emt 0:06:28]} Kg8 {[%emt 0:01:21]} 9. O-O {[%emt 0:00:49]} d5 {[%emt 0:25:21]} 10. Nc5 {[%emt 0:02:58]} b6 {[%emt 0:01:27]} 11. Nd3 {[%emt 0:00:49]} Nc6 {[%emt 0:00:08]} 12. c3 {[%emt 0:07:03]} Bf5 {[%emt 0:03:17]} 13. Be3 {[%emt 0:24:28]} e6 {[%emt 0:03:26]} 14. Qe2 {[%emt 0:02:37]} a5 {[%emt 0:06:35]} 15. Rad1 {[%emt 0:08:44]} Be4 $16 {[%emt 0:15:36]} 16. Bc1 {[%emt 0:01:25]} Qd7 {[%emt 0:03:35]} 17. Ng5 {[%emt 0:07:06]} Bxd3 18. Qxd3 {[%emt 0:03:32]} Rae8 {[%emt 0:05:05]} 19. Rde1 {[%emt 0:01:00]} Nd8 {[%emt 0:04:19]} 20. b3 {[%emt 0:07:15]} Nf7 {[%emt 0:04:12]} 21. Ba3 {[%emt 0:01:23]} Nd6 {[%emt 0:00:31]} 22. Qh3 {[%emt 0:05:43]} h6 {[%emt 0:02:01]} 23. Nxe6 {[%emt 0:02:19]} Rf6 {[%emt 0:01:19]} 24. Bxd6 {[%emt 0:03:50]} Qxd6 {[%emt 0:00:15]} 25. Nxg7 {[%emt 0:00:21]} Rxe1 {[%emt 0:00:07]} 26. Rxe1 {[%emt 0:00:35]} Qxf4 {[%emt 0:01:02]} 27. Qe3 {[%emt 0:04:11]} Qxe3+ {[%emt 0:01:31]} 28. Rxe3 {[%emt 0:00:03]} Kxg7 {[%emt 0:00:02]} 29. Re7+ {[%emt 0:00:23]} Rf7 {[%emt 0:00:01]} 30. Re5 {[%emt 0:01:03]} c6 {[%emt 0:01:47]} 31. Re6 {[%emt 0:00:05]} Rf6 {[%emt 0:01:59]} 32. Re7+ {[%emt 0:00:02]} Rf7 {[%emt 0:00:28]} 33. Re6 {[%emt 0:00:05]} Rf6 {[%emt 0:00:41]} 34. Re7+ {[%emt 0:00:12]} Rf7 {[%emt 0:00:08]} 35. Re6 {[%emt 0:01:19]} Rf6 {[%emt 0:01:01]} 1/2-1/2

[Event "SVK Extraliga 2019-20"]
[Site "Slovakia"]
[Date "2019.10.20"]
[Round "2.8"]
[White "Farkas, Gabor"]
[Black "Klemanic, Emil"]
[Result "1/2-1/2"]
[WhiteElo "2355"]
[BlackElo "2108"]
[Annotator "NA"]
[PlyCount "121"]
[EventDate "2019.10.19"]
[EventType "team-tourn"]
[EventCountry "SVK"]
[SourceTitle "playchess.com"]
[Source "ChessBase"]
[SourceQuality "1"]
[WhiteTeam "Streda"]
[TimeControl "40/5400+30:1800+30"]

1. e4 {[%emt 0:00:00]} d6 {[%emt 0:00:00]} 2. d4 {[%emt 0:00:00]} Nf6 {[%emt 0:00:00]} 3. Nc3 {[%emt 0:00:00]} e5 {[%emt 0:00:00]} 4. Nf3 {[%emt 0:01:09]} Nbd7 {[%emt 0:00:00]} 5. Bc4 {[%emt 0:00:11]} Be7 {[%emt 0:00:00]} 6. O-O {[%emt 0:00:17]} c6 {[%emt 0:00:00]} 7. a4 {[%emt 0:00:09]} O-O {[%emt 0:00:20]} 8. Ba2 {[%emt 0:00:06]} b6 {[%emt 0:00:44]} 9. Re1 {[%emt 0:02:18]} a6 {[%emt 0:00:14]} 10. dxe5 {[%emt 0:01:05] C41: Philidor Defence} (10. Be3 Ng4 11. Bd2 Ngf6 12. dxe5 dxe5 13. Nh4 Bb4 14. Qf3 Nc5 15. Bg5 Ne6 16. Bxe6 fxe6 17. Qg3 Qc7 {1-0 (37) Shirov,A (2712)-Laznicka,V (2676) Poikovsky 2015}) 10... dxe5 {[%emt 0:00:44]} 11. Nh4 {[%emt 0:13:59]} Nc5 {[%emt 0:20:34]} 12. Nf5 $146 {[%emt 0:12:59]} ({Predecessor:} 12. Qf3 a5 13. Nf5 Bxf5 14. Qxf5 Qc7 15. Be3 Rad8 16. Rad1 Rxd1 17. Rxd1 Rd8 {1-0 (71) Fier,A (2572)-Cyborowski,L (2526) Germany 2014}) 12... Bxf5 {[%emt 0:04:18]} 13. Qxd8 {[%emt 0:01:02]} Raxd8 {[%emt 0:05:49]} 14. exf5 {[%emt 0:00:15]} Rfe8 {[%emt 0:04:44]} 15. Bg5 {[%emt 0:06:57]} h6 {[%emt 0:02:44]} 16. Bh4 {[%emt 0:05:00]} Nh5 {[%emt 0:01:26]} 17. Bxe7 {[%emt 0:00:56]} Rxe7 {[%emt 0:00:05]} 18. b4 {[%emt 0:01:41]} Nb7 {[%emt 0:00:40]} 19. Bc4 {[%emt 0:02:01]} Rd2 {[%emt 0:16:02]} 20. Re2 {[%emt 0:03:15]} Rd4 {[%emt 0:04:16]} 21. Bxa6 {[%emt 0:03:00]} Rxb4 {[%emt 0:00:30]} 22. Bxb7 {[%emt 0:04:47]} Rxb7 {[%emt 0:02:24]} 23. Rxe5 {[%emt 0:00:15]} Nf6 {[%emt 0:04:34]} 24. Rd1 {[%emt 0:05:27]} Rc4 {[%emt 0:00:38]} 25. Re3 {[%emt 0:02:11]} Rf4 {[%emt 0:05:25]} 26. Rd6 {[%emt 0:04:05]} Rc7 {[%emt 0:02:18]} 27. Rf3 {[%emt 0:03:46]} Rxf3 {[%emt 0:01:13]} 28. gxf3 {[%emt 0:00:10]} Kf8 {[%emt 0:00:42]} 29. Rd8+ {[%emt 0:03:19]} Ke7 {[%emt 0:02:06]} 30. Rb8 $11 {[%emt 0:00:27]} Nd7 {[%emt 0:04:57]} 31. Rg8 {[%emt 0:02:06]} Kf6 {[%emt 0:00:43]} 32. Ne4+ {[%emt 0:00:43]} Kxf5 {[%emt 0:00:12]} 33. Rxg7 {[%emt 0:02:26]} Ne5 {[%emt 0:00:17]} 34. Kg2 {[%emt 0:01:41]} Ra7 {[%emt 0:03:00]} 35. Ng3+ {[%emt 0:12:54]} Kf6 {[%emt 0:03:58]} 36. Nh5+ {[%emt 0:00:06]} Ke6 {[%emt 0:02:55]} 37. Rh7 {[%emt 0:02:09]} Rxa4 {[%emt 0:02:02]} 38. Rxh6+ {[%emt 0:02:52]} Ng6 {[%emt 0:00:39]} 39. Kg3 {[%emt 0:01:32]} Rc4 {[%emt 0:04:44]} 40. f4 {[%emt 0:01:13]} Rxc2 {[%emt 0:02:02]} 41. Kg4 {[%emt 0:31:28]} Kd5 {[%emt 0:01:41]} 42. Rh7 {[%emt 0:00:00]} Rxf2 {[%emt 0:02:09]} 43. Kg3 {[%emt 0:00:00]} Rf1 {[%emt 0:02:38]} 44. Rxf7 {[%emt 0:00:00]} b5 {[%emt 0:00:33]} 45. Kg2 {[%emt 0:00:00]} Rc1 {[%emt 0:00:54]} 46. f5 {[%emt 0:00:00]} Ne5 {[%emt 0:00:08]} 47. Re7 {[%emt 0:00:00]} Rc2+ {[%emt 0:04:18]} 48. Kg3 {[%emt 0:00:00]} Rc3+ {[%emt 0:00:43]} 49. Kg2 {[%emt 0:00:00]} Rc2+ {[%emt 0:00:21]} 50. Kg3 {[%emt 0:00:00]} Rc3+ {[%emt 0:00:04]} 51. Kf4 {[%emt 0:00:00]} Rc4+ {[%emt 0:00:27]} 52. Kg5 {[%emt 0:00:00]} Nf3+ {[%emt 0:00:44]} 53. Kg6 {[%emt 0:00:00]} Nh4+ {[%emt 0:00:06]} 54. Kf6 {[%emt 0:00:00]} b4 {[%emt 0:00:28]} 55. Rd7+ {[%emt 0:00:00]} Kc5 {[%emt 0:01:01]} 56. Rb7 {[%emt 0:00:00]} Nxf5 {[%emt 0:02:01]} 57. Kxf5 {[%emt 0:00:00]} Rh4 {[%emt 0:00:04]} 58. Nf4 {[%emt 0:00:00]} Rxh2 {[%emt 0:00:30]} 59. Nd3+ {[%emt 0:00:11]} Kc4 {[%emt 0:00:17]} 60. Nxb4 {[%emt 0:00:20]} Rb2 {[%emt 0:00:19]} 61. Ke4 1/2-1/2

[Event "SVK Extraliga 2019-20"]
[Site "Slovakia"]
[Date "2019.10.20"]
[Round "2.8"]
[White "Straka, Jozef"]
[Black "Macko, Michal"]
[Result "1/2-1/2"]
[WhiteElo "2307"]
[BlackElo "2155"]
[Annotator "NA"]
[PlyCount "67"]
[EventDate "2019.10.19"]
[EventType "team-tourn"]
[EventCountry "SVK"]
[SourceTitle "playchess.com"]
[Source "ChessBase"]
[SourceQuality "1"]
[BlackTeam "Liptovska"]
[TimeControl "40/5400+30:1800+30"]

1. d4 {[%emt 0:00:00]} Nf6 {[%emt 0:00:00]} 2. c4 {[%emt 0:00:00]} e6 {[%emt 0:00:00]} 3. Nc3 {[%emt 0:00:43]} Bb4 {[%emt 0:00:00]} 4. Nf3 {[%emt 0:01:26]} c5 {[%emt 0:03:10]} 5. e3 {[%emt 0:01:26]} O-O {[%emt 0:00:48]} 6. Bd2 {[%emt 0:00:42] E50: Nimzo-Indian: Rubinstein: 4...0-0 5 Nf3} (6. Bd3 b6 7. O-O Bb7 8. Qe2 d5 9. cxd5 cxd4 10. exd4 Bxc3 11. bxc3 Qxd5 12. c4 Qh5 13. Ne5 Qh4 14. f4 Nc6 15. Bb2 Rad8 16. Rad1 Rfe8 17. Bb1 Qh5 18. Qe1 Ng4 19. h3 Ngxe5 20. fxe5 {1-0 (57) Laznicka,V (2662)-Yu,Y (2765) Batumi 2018}) 6... d6 {[%emt 0:00:44]} 7. Qc2 {[%emt 0:01:28]} Nc6 {[%emt 0:00:41]} 8. Bd3 {[%emt 0:04:03]} Qe7 {[%emt 0:02:37]} 9. a3 {[%emt 0:16:07]} Ba5 {[%emt 0:00:25]} 10. O-O {[%emt 0:01:40]} h6 {[%emt 0:05:36]} 11. Rab1 {[%emt 0:11:26]} a6 $146 {[%emt 0:03:57]} ({Predecessor:} 11... Re8 12. Rfd1 Rb8 13. dxc5 dxc5 14. Ne4 Bxd2 15. Rxd2 {0-1 (34) Scekic,M (2355)-Nagrocka,E (2165) Kopaonik 1995}) 12. Rfd1 {[%emt 0:04:31]} cxd4 {[%emt 0:09:12]} 13. exd4 {[%emt 0:01:15]} Bb6 {[%emt 0:00:11]} 14. Be3 {[%emt 0:02:42]} Ng4 {[%emt 0:00:27]} 15. b4 {[%emt 0:02:18]} Nxe3 {[%emt 0:04:57]} 16. fxe3 {[%emt 0:00:03]} Rd8 {[%emt 0:11:24]} 17. c5 {[%emt 0:02:44]} Bc7 {[%emt 0:03:13]} 18. cxd6 {[%emt 0:15:47]} Bxd6 {[%emt 0:03:05]} 19. Ne4 {[%emt 0:00:11]} Bd7 {[%emt 0:01:46]} 20. Nxd6 {[%emt 0:02:35]} Qxd6 {[%emt 0:00:07]} 21. Qc5 {[%emt 0:01:22]} Be8 $11 {[%emt 0:01:29]} 22. Qxd6 {[%emt 0:15:40]} Rxd6 {[%emt 0:00:28]} 23. Nd2 {[%emt 0:00:09]} Ne7 {[%emt 0:03:34]} 24. Nc4 {[%emt 0:02:49]} Rc6 {[%emt 0:04:31]} 25. Na5 {[%emt 0:05:01]} Rc7 {[%emt 0:00:15]} 26. Be4 {[%emt 0:01:18]} Nd5 {[%emt 0:00:12]} 27. Bxd5 {[%emt 0:03:59]} exd5 {[%emt 0:00:06]} 28. Rdc1 {[%emt 0:00:27]} Rac8 {[%emt 0:00:14]} 29. Nb3 {[%emt 0:01:04]} Bb5 {[%emt 0:06:10]} 30. Rxc7 {[%emt 0:01:10]} Rxc7 {[%emt 0:00:08]} 31. Rc1 {[%emt 0:00:10]} Rxc1+ {[%emt 0:00:45]} 32. Nxc1 {[%emt 0:00:02]} Bc4 {[%emt 0:00:11]} 33. Kf2 {[%emt 0:01:01]} Kf8 {[%emt 0:00:07]} 34. Ne2 {[%emt 0:00:51]} 1/2-1/2

[Event "SVK Extraliga 2019-20"]
[Site "Slovakia"]
[Date "2019.10.22"]
[Round "2.8"]
[White "Federic, Jozef"]
[Black "Petran, Peter"]
[Result "0-1"]
[WhiteElo "2203"]
[BlackElo "2242"]
[Annotator "TA"]
[PlyCount "120"]
[EventDate "2019.10.19"]
[EventType "team-tourn"]
[EventCountry "SVK"]
[SourceTitle "playchess.com"]
[Source "ChessBase"]
[SourceQuality "1"]
[WhiteTeam "Slovakia"]
[BlackTeam "Slovakia"]
[WhiteTeamCountry "SVK"]
[BlackTeamCountry "SVK"]

{[%evp 22,120,49,28,41,17,18,8,23,-4,10,0,-3,-64,-8,-20,-43,-37,20,-33,-19,-36,-41,-38,-42,-45,-29,-34,-8,-4,51,-134,-137,-133,-128,-123,-123,-125,-122,-135,-137,-273,-154,-139,-110,-110,-110,-134,-110,-119,-104,-102,-105,-149,-82,-212,-121,-118,-115,-111,-111,-130,-118,-113,-112,-124,-108,-150,-145,-127,-147,-142,-137,-187,-183,-183,-183,-300,-307,-304,-287,-276,-276,-508,-506,-522,-517,-591,-572,-695,-657,-924,-917,-1395,-1386,-6817,-5704,-29965,-29964,-6141,-6125]} 1. d4 g6 2. e4 Bg7 3. Nf3 d6 4. Nc3 Nf6 5. Be2 O-O 6. O-O Bg4 7. Be3 Nc6 8. d5 Bxf3 9. Bxf3 Ne5 10. Be2 c6 11. f4 Ned7 12. Bf3 Qc7 {B08: Pirc Defence: Classical System} 13. Qe2 (13. Qd2 Nb6 14. dxc6 bxc6 15. b3 Rad8 16. Rad1 Rfe8 17. Qd3 Qc8 18. a4 c5 19. a5 Nbd7 20. Nb5 {0-1 (34) Felsberger,A (2335)-Maiwald,J (2443) Austria 2019}) 13... cxd5 14. exd5 a6 {The position is equal.} 15. Kh1 b5 $146 ({Predecessor:} 15... Rac8 16. Rae1 b5 17. Bd4 Rfe8 18. a3 Nb6 19. Qf2 Nfd7 20. Bxg7 Kxg7 {½-½ (48) Federic,J (2305)-Petran,P (2330) Slovakia 2015}) 16. Bd4 Rac8 17. Rfe1 ({White should try} 17. a3 $11) 17... Rfe8 (17... b4 $15 18. Nd1 Qxc2) 18. Rac1 Nb6 19. Qf2 Rb8 (19... Nfd7 $1 $15) 20. Bxb6 (20. g4 $11) 20... Rxb6 21. Ne2 Qc5 22. Qxc5 dxc5 23. b3 e6 24. Ng3 Bh6 25. Ne4 Nxd5 ({Better is} 25... Nxe4 $11 26. Rxe4 f5 27. Rxe6 Rbxe6 28. dxe6 Bxf4) 26. Nxc5 $2 {[#]} (26. c4 $1 $14 {was forced to keep a grip.} bxc4 27. bxc4) 26... Rc8 $17 27. Bxd5 {[%cal Rc5e6]} Rxc5 28. Be4 Bxf4 29. Rcd1 Kg7 30. Rd7 Rd6 31. Ra7 {[#]} (31. Rxd6 $17 Bxd6 32. g4) 31... Re5 (31... Rh5 $1 $19 32. Bd3 Bxh2) 32. g3 Bd2 $36 {[%mdl 2048] Black has strong initiative.} 33. Re2 Bc3 34. Kg2 Bd4 35. Rc7 Bb6 36. Rb7 Bc5 37. Kf3 h5 ({Black should play} 37... Rd1 38. Rc7 h5) 38. Kf4 (38. Bd3 $17 Rxe2 39. Kxe2) 38... Bd4 (38... Rd1 $19 {...g5+ is the strong threat.} 39. Kf3 g5) 39. Kf3 g5 40. h3 Bc5 41. g4 h4 {Threatens to win with ...Rd1.} 42. Bd3 Rxe2 43. Kxe2 {[%mdl 4096] Endgame KRB-KRB} Rd5 44. a4 Re5+ 45. Kd2 bxa4 46. bxa4 a5 47. c3 Be3+ 48. Kc2 Bf4 49. c4 (49. Rb1 {was necessary.}) 49... Re3 $19 50. Bf1 Rf3 51. Rb1 Bd6 52. Bd3 $2 (52. Kd2 {keeps fighting.}) 52... Rxh3 53. Rb5 Rh2+ 54. Kb3 Bf4 55. c5 h3 56. c6 Kf6 57. Rxa5 Rd2 58. Be4 Re2 59. Bh1 Re1 60. Rc5 Rxh1 {Accuracy: White = 30%, Black = 72%.} 0-1

[Event "SVK Extraliga 2019-20"]
[Site "Slovakia"]
[Date "2019.10.20"]
[Round "2.8"]
[White "Bombek, Peter"]
[Black "Striskova, Lucia"]
[Result "1-0"]
[WhiteElo "2171"]
[BlackElo "1496"]
[Annotator "ChessBase"]
[PlyCount "63"]
[EventDate "2019.10.19"]
[EventType "team-tourn"]
[EventCountry "SVK"]
[SourceTitle "playchess.com"]
[Source "ChessBase"]
[SourceQuality "1"]
[WhiteTeam "Dubnica"]
[TimeControl "40/5400+30:1800+30"]

1. d4 {[%emt 0:00:00]} Nf6 {[%emt 0:00:00]} 2. Nf3 {[%emt 0:00:00]} g6 {[%emt 0:00:31]} 3. g3 {[%emt 0:00:00]} Bg7 {[%emt 0:00:13]} 4. Bg2 {[%emt 0:00:00]} O-O {[%emt 0:00:22]} 5. O-O {[%emt 0:00:05]} d5 {[%emt 0:01:36]} 6. c4 {[%emt 0:00:54]} c6 {[%emt 0:00:31]} 7. Qb3 {[%emt 0:03:25]} e6 {[%emt 0:05:23]} 8. Bf4 {[%emt 0:02:20]} Qb6 {[%emt 0:05:00]} 9. c5 {[%emt 0:02:40]} Qd8 {[%emt 0:17:13]} 10. Nbd2 {[%emt 0:04:59]} Nbd7 {[%emt 0:00:36]} 11. Bd6 {[%emt 0:05:59]} Re8 {[%emt 0:00:44]} 12. Qd3 {[%emt 0:04:46]} Nh5 {[%emt 0:03:23]} 13. Ne5 {[%emt 0:09:21]} Nhf6 {[%emt 0:04:36]} 14. b4 {[%emt 0:03:49]} b6 {[%emt 0:07:26]} 15. Nxc6 {[%emt 0:00:32]} Nxc5 {[%emt 0:00:16]} 16. bxc5 {[%emt 0:02:02]} Qd7 {[%emt 0:00:14]} 17. Ne5 {[%emt 0:01:34]} Qd8 {[%emt 0:00:17]} 18. Rab1 {[%emt 0:03:06]} bxc5 {[%emt 0:01:43]} 19. Bxc5 {[%emt 0:04:01]} Nd7 {[%emt 0:03:02]} 20. Nxd7 {[%emt 0:01:16]} Bxd7 {[%emt 0:00:15]} 21. e4 {[%emt 0:03:12]} Bc6 {[%emt 0:00:59]} 22. Rfc1 {[%emt 0:09:34]} dxe4 {[%emt 0:05:18]} 23. Bxe4 {[%emt 0:01:17]} Bxe4 {[%emt 0:00:19]} 24. Nxe4 {[%emt 0:02:03]} Qd5 {[%emt 0:01:22]} 25. Nc3 {[%emt 0:06:23]} Qd7 {[%emt 0:00:51]} 26. Qe4 {[%emt 0:03:47]} a6 {[%emt 0:02:24]} 27. Rb7 {[%emt 0:03:49]} Qd8 {[%emt 0:01:25]} 28. Qf4 {[%emt 0:01:51]} f6 {[%emt 0:01:02]} 29. Rcb1 {[%emt 0:02:14]} Qa5 {[%emt 0:00:49]} 30. Rxg7+ {[%emt 0:02:34]} Kxg7 {[%emt 0:00:37]} 31. Rb7+ {[%emt 0:00:12]} Kg8 {[%emt 0:02:33]} 32. Qh6 {[%emt 0:01:05]} 1-0